00637cam a22002411 4500001001300000003000400013005001700017008004100034010001700075035002000092040001800112042001200130043001200142050001600154100001800170245005600188260001100244300001900255500004800274500001400322650004200336999001700378sa 65005539 DLC20260227112139.0891016s1964 ii 000 1 hino  asa 65005539  a(OCoLC)20496629 aDLCcWaUdDLC apremarc aa-ii---00aPK2042b.S81 aŚukla, Oma.10aHindī-upanyāsa kī śilpavidhi kā vikāsa. c[1964] a351 p.c25 cm. aL. C. copy imperfect: p. [353]-355 wanting? aIn Hindi. 0aHindi fictionxHistory and criticism. c64389d64389